Instructor's Manual for Statistical Analysis for Engineers <A> Computer-Based Approach

Enregistré dans:
Détails bibliographiques
Auteur principal: Barnes, J. Wesley
Format: Livre
Langue:anglais
Publié: Englewood Cliffs Prentice Hall 1988
Édition:1. ed.
Sujets:
Tags: Ajouter un tag
Pas de tags, Soyez le premier à ajouter un tag!

MARC

LEADER 00000nam a2200000 4500
001 c004798
005 20221206134817.2
020 |a 0-13-844796-9 
041 0 |a eng 
044 |a US 
245 1 0 |a Instructor's Manual for Statistical Analysis for Engineers  |b <A> Computer-Based Approach  |c J. Wesley Barnes 
250 |a 1. ed. 
264 1 |a Englewood Cliffs  |b Prentice Hall  |c 1988 
300 |a 186 s. 
610 2 0 |a analýza štatistická 
610 2 0 |a inžinieri 
610 2 0 |a využitie počítačov 
610 2 0 |a softvér 
100 1 |a Barnes, J. Wesley